Statistics for Chelsea - Arsenal 2015-2016

Click here to take the quiz!

General Stats

  • This quiz has been taken 178 times
  • The average score is 22 of 30

Answer Stats

Answer% Correct
Eden Hazard ¹
96%
Petr Cech
96%
Diego Costa
95%
Gary Cahill
91%
Mesüt Özil
87%
C. Azpilicueta
86%
B. Ivanovic
85%
Cesc Fabregas
85%
Olivier Giroud
85%
Alexis Sanchez
83%
Nemanja Matic
81%
Oscar
80%
Arsène Wenger
80%
Kurt Zouma ¹
79%
Hector Bellerin
77%
José Mourinho
77%
Pedro
76%
Laurent Koscielny
75%
Theo Walcott
73%
Asmir Begovic
73%
Nacho Monreal
70%
Aaron Ramsey
65%
Alex Oxlade
62%
Francis Coquelin
61%
Santi Cazorla
61%
Gabriel Paulista
59%
John Obi Mikel
53%
Ramires
52%
Loïc Rémy
39%
Calum Chambers
35%

Score Distribution

Percentile by Number Answered

Percent of People with Each Score

Your Score History

You have not taken this quiz